000 00318pam a2200145 a 4500
020 _c
041 _aeng
082 _bMAH
100 _aMAHAJAN M.,.
245 _aBUSINESS ECONOMICS ( F.Y.B.COM MACRO)
_hTextual Documents
250 _a1990.
260 _aPune
_bNirali Prakashan
300 _a334p.
930 _a2676
999 _c79599
_d79599